000 00727na a2200265 4500
001 12678
003 MIRAKIL
005 20181213154732.0
008 160811b tu 000 0
020 _a9789944457071
035 _a12678
040 _aMilas
_btur
_cTR-AnCHP
082 _a297.1227
_bK86k 2008
090 _a297.1227 K86k 2008
100 _aTekin, Ahmet
130 _aKur'an
_lTürkçe
245 _aKur'an'ın anlaşılmasına doğru
_bTefsirî meal
_cAhmet Tekin
246 _aTefsiri meal
250 _a7. bs.
260 _aİstanbul
_bKelam Yayınları
_c2008
300 _a64, 608 s.
_c23 sm.
650 _aKur'an-ı Kerim
_xEleştiri ve yorum
650 _aKur'an-ı Kerim
_xMealler
942 _2dcc
_cBKS
999 _c71
_d71